[Event "12th Chennai Open 2020"]
[Site "Chennai"]
[Date "2020.01.19"]
[Round "3.7"]
[White "Kunal, M.."]
[Black "Bogdanovich, Stanislav"]
[Result "0-1"]
[WhiteElo "2288"]
[BlackElo "2562"]
[Annotator "ChessBase"]
[PlyCount "102"]
[EventDate "2020.01.19"]
[EventType "swiss"]
[EventCountry "IND"]
[SourceTitle "playchess.com"]
[Source "ChessBase"]
[SourceQuality "1"]
[TimeControl "5400+30"]

1. e4 {[%emt 0:00:00]} d6 {[%emt 0:00:00]} 2. d4 {[%emt 0:00:00]} Nf6 {[%emt 1:31:00]} 3. Nc3 {[%emt 0:00:00]} Nbd7 {[%emt 0:00:00]} 4. Nf3 {[%emt 0:00:46]} e5 {[%emt 0:00:00]} 5. Bc4 {[%emt 0:00:11]} Be7 {[%emt 0:00:00]} 6. O-O {[%emt 0:01:08]} O-O {[%emt 0:00:00]} 7. Re1 {[%emt 0:00:54]} c6 {[%emt 0:00:00]} 8. a4 {[%emt 0:00:07]} a5 {[%emt 0:00:00]} 9. h3 {[%emt 0:05:19]} Nb6 {[%emt 0:00:00]} 10. Ba2 {[%emt 0:01:42]} Nfd7 {[%emt 0:00:00]} 11. Be3 {[%emt 0:02:06]} exd4 {[%emt 0:00:00]} 12. Bxd4 {[%emt 0:10:25]} Qc7 {[%emt 0:00:00]} 13. Qe2 {[%emt 0:03:21]} Ne5 {[%emt 0:00:00]} 14. Nh2 {[%emt 0:05:41]} Ng6 {[%emt 0:00:00]} 15. Ng4 {[%emt 0:07:46]} Be6 {[%emt 0:00:00]} 16. Bb3 {[%emt 0:19:56]} Bxb3 {[%emt 0:00:00]} 17. cxb3 {[%emt 0:00:08]} f5 {[%emt 0:00:00]} 18. exf5 {[%emt 0:04:20]} Rxf5 {[%emt 0:00:00]} 19. Qe6+ {[%emt 0:09:21]} Rf7 {[%emt 0:00:00]} 20. g3 {[%emt 0:00:27]} Nd7 {[%emt 0:00:00]} 21. f4 {[%emt 0:05:07]} d5 {[%emt 0:00:00]} 22. Rad1 {[%emt 0:08:16]} Bd6 {[%emt 0:00:00]} 23. Rf1 {[%emt 0:03:41]} Ndf8 {[%emt 0:00:00]} 24. Qe2 {[%emt 0:00:23]} Qd7 {[%emt 0:00:00]} 25. Qd3 {[%emt 0:02:08]} h5 {[%emt 0:00:00]} 26. f5 {[%emt 0:02:23]} Ne7 {[%emt 0:00:00]} 27. Ne3 {[%emt 0:01:31]} c5 {[%emt 0:00:00]} 28. Bxg7 {[%emt 0:00:25]} Rxg7 {[%emt 0:00:00]} 29. Nexd5 {[%emt 0:00:08]} Be5 {[%emt 0:00:00]} 30. f6 {[%emt 0:00:04]} Bd4+ {[%emt 0:00:00]} 31. Kh2 {[%emt 0:00:44]} Nxd5 {[%emt 0:00:00]} 32. fxg7 {[%emt 0:00:11]} Kxg7 {[%emt 0:00:00]} 33. Nxd5 {[%emt 0:00:57]} Qxd5 {[%emt 0:00:00]} 34. Rf5 {[%emt 0:01:44]} Qe6 {[%emt 0:00:00]} 35. Rdf1 {[%emt 0:05:36]} Re8 {[%emt 0:00:00]} 36. Kh1 {[%emt 0:00:33]} Ng6 {[%emt 0:00:00]} 37. Rf7+ {[%emt 0:00:03]} Kh6 {[%emt 0:00:00]} 38. Qd2+ {[%emt 0:00:26]} Qe3 {[%emt 0:00:00]} 39. Qg2 {[%emt 0:00:08]} Qxb3 {[%emt 0:00:00]} 40. g4 {[%emt 0:00:11]} Nh4 {[%emt 0:00:00]} 41. Rxb7 {[%emt 0:01:28]} Nxg2 {[%emt 0:00:00]} 42. Rxb3 {[%emt 0:00:06]} Ne3 {[%emt 0:00:00]} 43. Rf7 {[%emt 0:00:57]} hxg4 {[%emt 0:00:29]} 44. hxg4 {[%emt 0:00:39]} Kg5 {[%emt 0:00:17]} 45. Rb5 {[%emt 0:00:23]} Rh8+ {[%emt 0:01:43]} 46. Kg1 {[%emt 0:00:03]} Nc4+ {[%emt 0:00:07]} 47. Kg2 {[%emt 0:01:02]} Nd6 {[%emt 0:00:02]} 48. Rxa5 {[%emt 0:00:28]} Nxf7 {[%emt 0:00:12]} 49. b4 {[%emt 0:00:03]} Ne5 {[%emt 0:00:59]} 50. bxc5 {[%emt 0:00:09]} Kxg4 {[%emt 0:00:09]} 51. Ra6 {[%emt 0:00:41]} Rf8 {[%emt 0:01:09]} 0-1

[Event "12th Chennai Open 2020"]
[Site "Chennai"]
[Date "2020.01.19"]
[Round "3.8"]
[White "Pranav Vijay"]
[Black "Fedorov, Alexei"]
[Result "1-0"]
[WhiteElo "2265"]
[BlackElo "2562"]
[Annotator "ChessBase"]
[PlyCount "59"]
[EventDate "2020.01.19"]
[EventType "swiss"]
[EventCountry "IND"]
[SourceTitle "playchess.com"]
[Source "ChessBase"]
[SourceQuality "1"]
[TimeControl "5400+30"]

1. e4 {[%emt 0:00:00]} c5 {[%emt 0:02:01]} 2. Nf3 {[%emt 0:00:00]} Nc6 {[%emt 0:00:08]} 3. Bb5 {[%emt 0:00:07]} e6 {[%emt 0:00:11]} 4. Bxc6 {[%emt 0:00:17]} bxc6 {[%emt 0:00:04]} 5. O-O {[%emt 0:00:16]} Ne7 {[%emt 0:03:03]} 6. e5 {[%emt 0:01:02]} Ng6 {[%emt 0:01:09]} 7. d3 {[%emt 0:02:52]} f6 {[%emt 0:00:37]} 8. exf6 {[%emt 0:00:50]} gxf6 {[%emt 0:00:47]} 9. Re1 {[%emt 0:02:24]} d5 {[%emt 0:05:34]} 10. c4 {[%emt 0:04:49]} Be7 {[%emt 0:07:49]} 11. h4 {[%emt 0:05:56]} Rg8 {[%emt 0:05:41]} 12. h5 {[%emt 0:03:24]} Nh8 {[%emt 0:02:57]} 13. d4 {[%emt 0:07:02]} Qd7 {[%emt 0:09:28]} 14. Qc2 {[%emt 0:05:28]} Bb7 {[%emt 0:03:35]} 15. Qxh7 {[%emt 0:02:30]} O-O-O {[%emt 0:00:27]} 16. cxd5 {[%emt 0:02:37]} cxd5 {[%emt 0:15:25]} 17. Bf4 {[%emt 0:02:05]} Rg4 {[%emt 0:07:46]} 18. Bg3 {[%emt 0:01:35]} Rdg8 {[%emt 0:00:15]} 19. Nbd2 {[%emt 0:01:22]} R4g7 {[%emt 0:00:29]} 20. Qc2 {[%emt 0:00:48]} Nf7 {[%emt 0:01:11]} 21. dxc5 {[%emt 0:01:15]} e5 {[%emt 0:03:04]} 22. b4 {[%emt 0:04:17]} Nh6 {[%emt 0:07:15]} 23. Rac1 {[%emt 0:05:16]} Bc6 {[%emt 0:00:30]} 24. b5 {[%emt 0:00:32]} Bxb5 {[%emt 0:00:08]} 25. c6 {[%emt 0:00:06]} Qd6 {[%emt 0:05:23]} 26. Qb3 {[%emt 0:01:52]} Ba6 {[%emt 0:00:39]} 27. Red1 {[%emt 0:01:42]} Rg4 {[%emt 0:03:01]} 28. Qe3 {[%emt 0:01:08]} Nf5 {[%emt 0:08:37]} 29. Qxa7 {[%emt 0:00:48]} Qa3 {[%emt 0:02:30]} 30. Qd7+ {[%emt 0:00:10]} 1-0

[Event "12th Chennai Open 2020"]
[Site "Chennai"]
[Date "2020.01.19"]
[Round "3.9"]
[White "Visakh N R"]
[Black "Meenakshi Subbaraman"]
[Result "1-0"]
[WhiteElo "2518"]
[BlackElo "2197"]
[Annotator "ChessBase"]
[PlyCount "79"]
[EventDate "2020.01.19"]
[EventType "swiss"]
[EventCountry "IND"]
[SourceTitle "playchess.com"]
[Source "ChessBase"]
[SourceQuality "1"]
[TimeControl "5400+30"]

1. c4 {[%emt 0:00:24]} g6 {[%emt 0:00:00]} 2. Nc3 {[%emt 0:00:33]} Bg7 {[%emt 0:00:00]} 3. d4 {[%emt 0:00:37]} d6 {[%emt 0:00:00]} 4. e4 {[%emt 0:00:07]} e5 {[%emt 0:00:56]} 5. Nf3 {[%emt 0:01:38]} Nc6 {[%emt 0:01:36]} 6. Bg5 {[%emt 0:01:57]} f6 {[%emt 0:01:23]} 7. Be3 {[%emt 0:00:07]} Nh6 {[%emt 0:00:24]} 8. h3 {[%emt 0:06:55]} O-O {[%emt 0:03:58]} 9. Qd2 {[%emt 0:00:08]} Nf7 {[%emt 0:00:13]} 10. Be2 {[%emt 0:02:52]} f5 {[%emt 0:03:43]} 11. exf5 {[%emt 0:02:59]} gxf5 {[%emt 0:10:04]} 12. g3 {[%emt 0:01:36]} Kh8 {[%emt 0:03:17]} 13. O-O-O {[%emt 0:04:47]} a6 {[%emt 0:02:23]} 14. h4 {[%emt 0:08:36]} b5 {[%emt 0:06:16]} 15. h5 {[%emt 0:14:19]} exd4 {[%emt 0:14:01]} 16. Nxd4 {[%emt 0:01:24]} Nxd4 {[%emt 0:01:21]} 17. Bxd4 {[%emt 0:00:04]} Bb7 {[%emt 0:08:09]} 18. Bxg7+ {[%emt 0:15:15]} Kxg7 {[%emt 0:01:30]} 19. h6+ {[%emt 0:00:03]} Kg8 {[%emt 0:06:27]} 20. Qd4 {[%emt 0:03:32]} Ne5 {[%emt 0:00:47]} 21. Rh5 {[%emt 0:07:29]} Qf6 {[%emt 0:05:11]} 22. cxb5 {[%emt 0:02:33]} axb5 {[%emt 0:01:24]} 23. f4 {[%emt 0:00:07]} Ng4 {[%emt 0:19:39]} 24. Bxb5 {[%emt 0:10:42]} Qxd4 {[%emt 0:01:29]} 25. Rxd4 {[%emt 0:00:04]} Kh8 {[%emt 0:00:31]} 26. Bd3 {[%emt 0:02:16]} Bc8 {[%emt 0:00:27]} 27. Be2 {[%emt 0:00:16]} Be6 {[%emt 0:01:16]} 28. Bxg4 {[%emt 0:00:21]} fxg4 {[%emt 0:00:02]} 29. a3 {[%emt 0:00:07]} Rae8 {[%emt 0:00:58]} 30. Re4 {[%emt 0:00:34]} Bd7 {[%emt 0:02:01]} 31. Rxe8 {[%emt 0:03:01]} Rxe8 {[%emt 0:00:02]} 32. Kd2 {[%emt 0:00:36]} Re6 {[%emt 0:00:36]} 33. b4 {[%emt 0:01:48]} Be8 {[%emt 0:01:10]} 34. Ra5 {[%emt 0:00:04]} Kg8 {[%emt 0:00:42]} 35. Nd5 {[%emt 0:02:34]} Rxh6 {[%emt 0:00:45]} 36. Nxc7 {[%emt 0:00:05]} Bd7 {[%emt 0:01:47]} 37. Nd5 {[%emt 0:00:47]} Kf7 {[%emt 0:00:39]} 38. Ra7 {[%emt 0:00:19]} Ke6 {[%emt 0:00:20]} 39. Ne3 {[%emt 0:00:05]} Bc6 {[%emt 0:00:34]} 40. f5+ {[%emt 0:00:06]} 1-0

[Event "12th Chennai Open 2020"]
[Site "Chennai"]
[Date "2020.01.19"]
[Round "3.10"]
[White "Murali Krishnan B T"]
[Black "Yudin, Sergei"]
[Result "1/2-1/2"]
[WhiteElo "2202"]
[BlackElo "2508"]
[Annotator "TA"]
[PlyCount "95"]
[EventDate "2020.01.19"]
[EventType "swiss"]
[EventCountry "IND"]
[SourceTitle "playchess.com"]
[Source "ChessBase"]
[SourceQuality "1"]

{[%evp 10,95,29,8,19,18,32,12,25,0,0,0,7,0,12,13,16,4,74,74,113,125,125,100,132,114,98,25,29,18,6,-8,-9,-13,-13,-15,-4,0,0,0,0,0,0,0,0,0,0,-9,0,0,0,0,0,0,4,4,4,4,11,4,4,-69,-69,-69,-69,-89,-87,-92,-47,-47,-47,-47,-47,-75,-8,-10,-10,-34,-34,-40,-34,-34,-31,-31,-31,-31,-17,-20]} 1. d4 d5 2. c4 e6 3. Nf3 c6 4. Qc2 dxc4 5. Qxc4 Nf6 6. Bg5 b5 {D30: Queen's Gambit Declined: Systems without Nc3} (6... Qa5+ 7. Bd2 Qc7 8. Nc3 Nbd7 9. e4 a6 10. e5 b5 11. Qb3 b4 12. Na4 Nd5 13. Rc1 Be7 14. Bd3 {0-1 (62) Vidit,S (2703)-Shankland,S (2713) Biel 2019}) 7. Qc2 Bb7 8. e3 Nbd7 9. Nbd2 a6 $146 ({Predecessor:} 9... Rc8 10. a4 {½-½ (55) Yaksin,O (2396)-Sharafiev,A (2455) Moscow 2010}) 10. a4 Rc8 11. Be2 Be7 12. O-O O-O 13. Nb3 Qb6 (13... c5 $11) 14. Ne5 $16 {Threatens to win with Nxd7.} Rfe8 15. Bxf6 Nxf6 16. Bf3 c5 17. Bxb7 Qxb7 18. dxc5 ({White should try} 18. Nxc5 $16 Qb8 19. b4) 18... Qd5 $11 19. Nd3 Red8 $36 {[%mdl 2048] Black fights for an advantage.} 20. Rfd1 Qc4 21. Rac1 Qxc2 22. Rxc2 bxa4 23. Nd4 Ne4 {[%cal Re4c5]} 24. c6 Bf6 25. Rc4 Bxd4 26. exd4 Nd6 27. Rxa4 Rxc6 28. Kf1 h6 29. d5 exd5 30. Ne5 Rb6 31. Rxd5 Re8 32. Nd3 Ne4 {...Nc3! is the strong threat.} 33. g3 g5 34. Kg2 Rf6 35. h3 {[#]} (35. Ra3 $11) 35... Nxf2 $1 $15 {[%mdl 512]} 36. Ne5 {[#] And now Nd7 would win.} ({Not} 36. Nxf2 $2 Re2 $19) 36... Nd1 $1 {[%mdl 576] Deflection} 37. Rxd1 {Black must now prevent Rd5.} Rxe5 {[%mdl 4096] Endgame KRR-KRR} 38. Rd2 Re1 39. h4 Kg7 40. hxg5 hxg5 41. b4 Kg8 (41... Rb6 $17) 42. Rda2 Ree6 43. Rc2 Kh7 44. Kh3 Rd6 45. Ra5 Rb6 46. Rcc5 Rxb4 47. Rxg5 Kh6 48. Rg8 {Accuracy: White = 59%, Black = 63%.} 1/2-1/2

[Event "12th Chennai Open 2020"]
[Site "Chennai"]
[Date "2020.01.19"]
[Round "3.11"]
[White "Stupak, Kirill"]
[Black "Jubin Jimmy"]
[Result "0-1"]
[WhiteElo "2506"]
[BlackElo "2193"]
[Annotator "TA"]
[PlyCount "46"]
[EventDate "2020.01.19"]
[EventType "swiss"]
[EventCountry "IND"]
[SourceTitle "playchess.com"]
[Source "ChessBase"]
[SourceQuality "1"]

{[%evp 15,46,31,40,22,13,17,20,0,21,12,19,25,69,67,82,80,94,94,94,94,92,92,91,84,94,94,92,88,81,67,80,72,77]} 1. d4 Nf6 2. c4 e6 3. Nf3 Bb4+ 4. Nc3 Nc6 5. Qc2 d6 6. Bd2 O-O 7. a3 Bxc3 8. Bxc3 Re8 9. g3 {E33: Nimzo-Indian: Classical: 4...Nc6} e5 10. d5 Nb8 {[%cal Bc6b8,Bb8d7,Bd7c5][%mdl 32]} 11. e4 $146 {The position is equal.} ({Predecessor:} 11. Bg2 c6 12. Nd2 cxd5 13. cxd5 Bg4 14. f3 Bd7 15. e4 a5 16. O-O Na6 {½-½ (64) Drozdovskij,Y (2562)-Ovetchkin,R (2534) playchess.com INT 2007}) 11... a5 12. b3 Nbd7 13. Nd2 b6 14. Bg2 Nc5 15. b4 axb4 16. axb4 Rxa1+ 17. Bxa1 Ncd7 18. O-O Bb7 19. Bb2 Qe7 20. Nb1 Ra8 21. Nc3 h6 22. h3 Ba6 23. Ra1 Qd8 {[%mdl 32768] Accuracy: White = 53%, Black = 24%. . Loss on time!?} 0-1

[Event "12th Chennai Open 2020"]
[Site "Chennai"]
[Date "2020.01.19"]
[Round "3.12"]
[White "Karthik Venkataraman"]
[Black "Zia, Tahsin Tajwar"]
[Result "1-0"]
[WhiteElo "2479"]
[BlackElo "2177"]
[Annotator "ChessBase"]
[PlyCount "67"]
[EventDate "2020.01.19"]
[EventType "swiss"]
[EventCountry "IND"]
[SourceTitle "playchess.com"]
[Source "ChessBase"]
[SourceQuality "1"]
[TimeControl "5400+30"]

1. d3 {[%emt 0:04:41]} c5 {[%emt 0:00:21]} 2. Nf3 {[%emt 0:00:14]} Nc6 {[%emt 0:00:58]} 3. g3 {[%emt 0:00:07]} g6 {[%emt 0:00:18]} 4. Bg2 {[%emt 0:00:06]} Bg7 {[%emt 0:00:06]} 5. O-O {[%emt 0:00:06]} e6 {[%emt 0:01:08]} 6. c3 {[%emt 0:00:15]} Nge7 {[%emt 0:00:05]} 7. e4 {[%emt 0:00:05]} O-O {[%emt 0:00:32]} 8. Na3 {[%emt 0:00:05]} a6 {[%emt 0:00:25]} 9. Be3 {[%emt 0:00:41]} d6 {[%emt 0:00:32]} 10. Qd2 {[%emt 0:00:33]} Rb8 {[%emt 0:00:41]} 11. Nc2 {[%emt 0:00:46]} b5 {[%emt 0:00:48]} 12. Bh6 {[%emt 0:00:17]} b4 {[%emt 0:01:24]} 13. Bxg7 {[%emt 0:00:35]} Kxg7 {[%emt 0:00:02]} 14. Ne3 {[%emt 0:00:08]} e5 {[%emt 0:05:05]} 15. d4 {[%emt 0:00:20]} f6 {[%emt 0:05:28]} 16. Rfd1 {[%emt 0:00:35]} bxc3 {[%emt 0:03:05]} 17. bxc3 {[%emt 0:00:05]} cxd4 {[%emt 0:00:51]} 18. cxd4 {[%emt 0:00:07]} Qa5 {[%emt 0:00:30]} 19. Rac1 {[%emt 0:03:34]} Qxd2 {[%emt 0:06:46]} 20. Rxd2 {[%emt 0:00:05]} Nd8 {[%emt 0:05:11]} 21. Bf1 {[%emt 0:02:40]} Nf7 {[%emt 0:07:19]} 22. Rc7 {[%emt 0:02:07]} Re8 {[%emt 0:00:47]} 23. Bc4 {[%emt 0:05:50]} Bh3 {[%emt 0:04:28]} 24. Bb3 {[%emt 0:00:50]} a5 {[%emt 0:01:10]} 25. Ba4 {[%emt 0:03:49]} Rbc8 {[%emt 0:16:42]} 26. Rdc2 {[%emt 0:00:08]} f5 {[%emt 0:05:21]} 27. Bxe8 {[%emt 0:00:44]} Rxe8 {[%emt 0:00:02]} 28. dxe5 {[%emt 0:00:23]} fxe4 {[%emt 0:03:44]} 29. exd6 {[%emt 0:00:40]} exf3 {[%emt 0:02:47]} 30. dxe7 {[%emt 0:01:11]} Rb8 {[%emt 0:01:10]} 31. Rc1 {[%emt 0:00:43]} Kf6 {[%emt 0:00:30]} 32. Nd5+ {[%emt 0:00:08]} Ke5 {[%emt 0:01:00]} 33. Nf4 {[%emt 0:00:07]} Bf5 {[%emt 0:00:46]} 34. Re1+ {[%emt 0:00:21]} 1-0

[Event "12th Chennai Open 2020"]
[Site "Chennai"]
[Date "2020.01.19"]
[Round "3.13"]
[White "Ram, S. Krishnan"]
[Black "Vishnu Prasanna. V"]
[Result "0-1"]
[WhiteElo "2179"]
[BlackElo "2474"]
[Annotator "ChessBase"]
[PlyCount "48"]
[EventDate "2020.01.19"]
[EventType "swiss"]
[EventCountry "IND"]
[SourceTitle "playchess.com"]
[Source "ChessBase"]
[SourceQuality "1"]
[TimeControl "5400+30"]

1. d4 {[%emt 0:00:00]} Nf6 {[%emt 0:00:00]} 2. c4 {[%emt 0:00:14]} g6 {[%emt 0:00:00]} 3. Nc3 {[%emt 0:00:05]} d5 {[%emt 0:00:00]} 4. Nf3 {[%emt 0:00:12]} Bg7 {[%emt 0:00:00]} 5. Bg5 {[%emt 0:00:12]} dxc4 {[%emt 0:00:14]} 6. e4 {[%emt 0:02:09]} Bg4 {[%emt 0:03:57]} 7. Bxc4 {[%emt 0:00:57]} Bxf3 {[%emt 0:00:58]} 8. gxf3 {[%emt 0:00:09]} Nbd7 {[%emt 0:02:20]} 9. e5 {[%emt 0:15:21]} Nh5 {[%emt 0:02:17]} 10. Nd5 {[%emt 0:01:04]} Nb6 {[%emt 0:12:39]} 11. Bxe7 {[%emt 0:07:08]} Qd7 {[%emt 0:01:09]} 12. Nxb6 {[%emt 0:01:07]} axb6 {[%emt 0:00:06]} 13. Bg5 {[%emt 0:00:09]} O-O {[%emt 0:00:10]} 14. Qd2 {[%emt 0:02:46]} c5 {[%emt 0:02:49]} 15. dxc5 {[%emt 1:05:57]} Qf5 16. cxb6 {[%emt 0:00:00]} Bxe5 {[%emt 0:05:35]} 17. h4 {[%emt 0:00:00]} Rfe8 {[%emt 0:02:39]} 18. Kf1 {[%emt 0:00:00]} Qxf3 {[%emt 0:02:52]} 19. Bd5 {[%emt 0:00:00]} Qf5 {[%emt 0:09:42]} 20. Bxb7 {[%emt 0:00:00]} Ng3+ {[%emt 0:01:55]} 21. Kg2 {[%emt 0:00:00]} Nxh1 {[%emt 0:01:23]} 22. Bxa8 {[%emt 0:00:00]} Qg4+ {[%emt 0:00:29]} 23. Kxh1 {[%emt 0:00:00]} Qh3+ {[%emt 0:00:06]} 24. Kg1 {[%emt 0:00:00]} Bh2+ {[%emt 0:00:07]} 0-1

[Event "12th Chennai Open 2020"]
[Site "Chennai"]
[Date "2020.01.19"]
[Round "3.14"]
[White "Vignesh N R"]
[Black "Deshmukh, Anup"]
[Result "0-1"]
[WhiteElo "2472"]
[BlackElo "2163"]
[Annotator "ChessBase"]
[PlyCount "84"]
[EventDate "2020.01.19"]
[EventType "swiss"]
[EventCountry "IND"]
[SourceTitle "playchess.com"]
[Source "ChessBase"]
[SourceQuality "1"]
[TimeControl "5400+30"]

1. d4 {[%emt 0:01:43]} d5 {[%emt 0:00:31]} 2. c4 {[%emt 0:00:12]} c6 {[%emt 0:00:12]} 3. Nf3 {[%emt 0:00:11]} Nf6 {[%emt 0:00:19]} 4. e3 {[%emt 0:00:51]} e6 {[%emt 0:01:14]} 5. b3 {[%emt 0:00:27]} Nbd7 {[%emt 0:00:30]} 6. Bd3 {[%emt 0:00:07]} Ne4 {[%emt 0:02:45]} 7. O-O {[%emt 0:01:00]} f5 {[%emt 0:00:14]} 8. Ne5 {[%emt 0:09:17]} Nxe5 {[%emt 0:03:45]} 9. dxe5 {[%emt 0:00:02]} Qc7 {[%emt 0:01:00]} 10. Bb2 {[%emt 0:00:27]} Be7 {[%emt 0:01:18]} 11. f3 {[%emt 0:05:16]} Nc5 {[%emt 0:00:49]} 12. Be2 {[%emt 0:01:36]} O-O {[%emt 0:00:41]} 13. Nd2 {[%emt 0:05:30]} a5 {[%emt 0:03:50]} 14. Qc2 {[%emt 0:00:20]} Bd7 {[%emt 0:01:47]} 15. f4 {[%emt 0:02:20]} b5 {[%emt 0:01:39]} 16. cxb5 {[%emt 0:01:56]} cxb5 {[%emt 0:00:14]} 17. Rfc1 {[%emt 0:00:20]} Qb7 {[%emt 0:01:49]} 18. Qd1 {[%emt 0:01:07]} Rfc8 {[%emt 0:03:08]} 19. Nf3 {[%emt 0:00:02]} b4 {[%emt 0:01:43]} 20. Bd4 {[%emt 0:09:58]} Ne4 {[%emt 0:02:29]} 21. Bd3 {[%emt 0:02:05]} Bb5 {[%emt 0:03:35]} 22. Qe2 {[%emt 0:00:29]} Bxd3 {[%emt 0:00:24]} 23. Qxd3 {[%emt 0:00:02]} h6 {[%emt 0:01:50]} 24. h3 {[%emt 0:06:07]} a4 {[%emt 0:07:06]} 25. Nd2 {[%emt 0:02:44]} Nxd2 {[%emt 0:21:05]} 26. Qxd2 {[%emt 0:00:02]} Qb5 {[%emt 0:01:32]} 27. Qd1 {[%emt 0:00:10]} a3 {[%emt 0:02:58]} 28. Rc2 {[%emt 0:01:49]} Qb7 {[%emt 0:04:01]} 29. Rac1 {[%emt 0:00:07]} g6 {[%emt 0:05:16]} 30. g4 {[%emt 0:00:15]} Kh7 {[%emt 0:00:49]} 31. gxf5 {[%emt 0:04:07]} gxf5 {[%emt 0:00:48]} 32. Qh5 {[%emt 0:00:08]} Rg8+ {[%emt 0:00:51]} 33. Kh2 {[%emt 0:00:54]} Rg7 {[%emt 0:00:15]} 34. Qe2 {[%emt 0:08:22]} Rag8 {[%emt 0:04:23]} 35. Rc7 {[%emt 0:00:07]} Qb8 {[%emt 0:00:59]} 36. R1c6 {[%emt 0:03:27]} Qb5 {[%emt 0:01:17]} 37. Rc2 {[%emt 0:03:05]} Qe8 {[%emt 0:00:19]} 38. Rc1 {[%emt 0:16:37]} Rg3 {[%emt 0:08:31]} 39. Bc5 {[%emt 0:01:09]} Qg6 {[%emt 0:01:43]} 40. Rxe7+ {[%emt 0:10:10]} Kh8 {[%emt 0:00:10]} 41. Qf1 {[%emt 0:00:28]} Rg2+ {[%emt 0:00:31]} 42. Kh1 {[%emt 0:00:01]} Qg3 {[%emt 0:12:40]} 0-1

[Event "12th Chennai Open 2020"]
[Site "Chennai"]
[Date "2020.01.19"]
[Round "3.15"]
[White "Masango, Spencer"]
[Black "Taher, Yoseph Theolifus"]
[Result "0-1"]
[WhiteElo "2173"]
[BlackElo "2462"]
[Annotator "ChessBase"]
[PlyCount "88"]
[EventDate "2020.01.19"]
[EventType "swiss"]
[EventCountry "IND"]
[SourceTitle "playchess.com"]
[Source "ChessBase"]
[SourceQuality "1"]
[TimeControl "5400+30"]

1. Nf3 {[%emt 0:00:00]} g6 {[%emt 0:00:00]} 2. e4 {[%emt 0:02:57]} c5 {[%emt 0:00:36]} 3. Bc4 {[%emt 0:02:14]} Bg7 {[%emt 0:00:31]} 4. O-O {[%emt 0:00:47]} Nc6 {[%emt 0:00:19]} 5. Re1 {[%emt 0:01:11]} Nf6 {[%emt 0:04:42]} 6. e5 {[%emt 0:07:37]} Ng4 {[%emt 0:06:02]} 7. Bxf7+ {[%emt 0:02:47]} Kxf7 {[%emt 0:00:02]} 8. Ng5+ {[%emt 0:00:09]} Kg8 {[%emt 0:02:42]} 9. Qxg4 {[%emt 0:00:14]} Nxe5 {[%emt 0:00:10]} 10. Qf4 {[%emt 0:12:02]} Qf8 {[%emt 0:02:13]} 11. d4 {[%emt 0:02:06]} Qxf4 {[%emt 0:01:33]} 12. Bxf4 {[%emt 0:00:06]} Nc6 {[%emt 0:00:52]} 13. Nc3 {[%emt 0:06:20]} cxd4 {[%emt 0:03:20]} 14. Nd5 {[%emt 0:06:22]} e5 {[%emt 0:00:20]} 15. Bg3 {[%emt 0:01:15]} d6 {[%emt 0:01:46]} 16. c3 {[%emt 0:03:20]} Bf5 {[%emt 0:10:00]} 17. cxd4 {[%emt 0:05:24]} Nxd4 {[%emt 0:00:24]} 18. Rac1 {[%emt 0:00:55]} h6 {[%emt 0:02:28]} 19. Ne4 {[%emt 0:02:15]} Bxe4 {[%emt 0:01:09]} 20. Rxe4 {[%emt 0:00:14]} Kh7 {[%emt 0:01:07]} 21. Rc7 {[%emt 0:02:10]} Rhc8 {[%emt 0:00:21]} 22. f4 {[%emt 0:06:51]} Rxc7 {[%emt 0:00:09]} 23. Nxc7 {[%emt 0:00:07]} Rc8 {[%emt 0:00:01]} 24. fxe5 {[%emt 0:02:53]} dxe5 {[%emt 0:00:07]} 25. Nd5 {[%emt 0:00:32]} Rc1+ {[%emt 0:02:00]} 26. Re1 {[%emt 0:00:46]} Ne2+ {[%emt 0:02:00]} 27. Kf2 {[%emt 0:00:27]} Rxe1 {[%emt 0:00:04]} 28. Kxe1 {[%emt 0:00:13]} Nxg3 {[%emt 0:00:02]} 29. hxg3 {[%emt 0:00:12]} e4 {[%emt 0:00:11]} 30. b3 {[%emt 0:02:25]} Bd4 {[%emt 0:00:24]} 31. Ke2 {[%emt 0:02:21]} Kg7 {[%emt 0:00:31]} 32. g4 {[%emt 0:10:08]} Kf7 {[%emt 0:00:04]} 33. a3 {[%emt 0:05:27]} Ke6 {[%emt 0:00:23]} 34. Nf4+ {[%emt 0:00:09]} Kf6 {[%emt 0:00:08]} 35. a4 {[%emt 0:07:33]} g5 {[%emt 0:01:31]} 36. Nh5+ {[%emt 0:00:33]} Ke5 {[%emt 0:00:51]} 37. Ng3 {[%emt 0:00:31]} Bc5 {[%emt 0:00:11]} 38. Nf5 {[%emt 0:04:08]} h5 {[%emt 0:00:05]} 39. g3 {[%emt 0:02:18]} a5 {[%emt 0:01:22]} 40. Ke1 {[%emt 0:01:00]} hxg4 {[%emt 0:00:20]} 41. Nh6 {[%emt 0:00:29]} Kd4 {[%emt 0:00:03]} 42. Nxg4 {[%emt 0:00:29]} Bd6 {[%emt 0:00:15]} 43. Ke2 {[%emt 0:00:34]} Bxg3 {[%emt 0:00:07]} 44. Ne3 {[%emt 0:00:31]} Bc7 {[%emt 0:00:04]} 0-1